|
|
|
|
| LEADER |
00000nam0a2200000 4500 |
| 001 |
96850 |
| 005 |
20231101214107.0 |
| 010 |
|
|
|a 5268009095
|
| 020 |
|
|
|a RU
|b 91-25066
|
| 035 |
|
|
|a (RuTPU)RU\TPU\book\103716
|
| 090 |
|
|
|a 96850
|
| 100 |
|
|
|a 20060519d1991 m a0rusy5003 ca
|
| 101 |
0 |
|
|a rus
|
| 102 |
|
|
|a RU
|
| 105 |
|
|
|a c z 001zy
|
| 200 |
1 |
|
|a Границ познанию предвидеть невозможно
|e cборник
|f Д. И. Менделеев
|
| 210 |
|
|
|a Москва
|c Советская Россия
|d 1991
|
| 215 |
|
|
|a 588,[1] с.
|c портр.
|d 17 см
|
| 225 |
1 |
|
|a Публицистика классиков отечественной науки
|
| 320 |
|
|
|a Библиогр. в примеч.: с. 545-587
|
| 606 |
1 |
|
|a Химики
|x Персоналии
|2 stltpush
|3 (RuTPU)RU\TPU\subj\69968
|9 84576
|
| 610 |
1 |
|
|a экономика
|
| 610 |
1 |
|
|a народное образование
|
| 610 |
1 |
|
|a химия
|
| 610 |
1 |
|
|a Россия
|
| 610 |
1 |
|
|a сельское хозяйство
|
| 675 |
|
|
|a 54(092)
|z rus
|
| 686 |
|
|
|a У9(2)0-03
|2 rubbk
|
| 700 |
|
1 |
|a Менделеев
|b Д. И.
|c учёный-энциклопедист, химик, педагог
|c член-корреспондент Петербургской АН
|f 1834-1907
|g Дмитрий Иванович
|2 stltpush
|3 (RuTPU)RU\TPU\pers\1367
|9 609
|
| 801 |
|
0 |
|a RU
|b RuMRKP
|c 19950417
|g psbo
|
| 801 |
|
1 |
|a RU
|b 63413507
|c 20060519
|g PSBO
|
| 801 |
|
2 |
|a RU
|b 63413507
|c 20180110
|g PSBO
|
| 942 |
|
|
|c BK
|